000 00308nam a22001337a 4500
008 170527b xxu||||| |||| 00| 0 eng d
020 _a0134814258
041 _aeng
080 _26TH
_a621.3
100 _a26
101 _aIM
245 _aINTRODUCTION TO ELECTRIC CIRCUITS
_cJACKSON, H.W
942 _2udc
_cBK
999 _c14663
_d14663